|
|
|
|
| LEADER |
01327nam a2200265 a 4500 |
| 001 |
GR-MES13120 |
| 008 |
070917s gr b 001 0 gre d |
| 020 |
|
|
|a 9602868554
|
| 040 |
|
|
|a GrPaTEI
|b gre
|c GR-PaULI
|
| 040 |
|
|
|a GrPaTEI
|b gre
|c GR-PaULI
|
| 082 |
|
0 |
|a 361.32
|2 21
|
| 100 |
1 |
|
|a Παπαϊωάννου, Καλλιόπη
|
| 245 |
1 |
0 |
|a Κλινική κοινωνική εργασία, κοινωνική εργασία με άτομα /
|c Καλλιόπη Παπαϊωάννου.
|
| 250 |
|
|
|a 2η έκδ.
|
| 260 |
|
|
|a Αθήνα :
|b Έλλην,
|c 2004
|
| 300 |
|
|
|a 376σ. ;
|c 21εκ.
|
| 300 |
|
|
|d Π
|
| 504 |
|
|
|a Περιλαμβάνει βιβλιογραφία και ευρετήριο
|
| 650 |
|
4 |
|a Κοινωνική εργασία
|
| 650 |
|
4 |
|a ΚοινωνικοίΙ Λειτουργοί
|
| 942 |
|
|
|2 ddc
|
| 952 |
|
|
|0 0
|1 0
|2 ddc
|4 0
|6 361_320000000000000_ΠΑΠ
|7 0
|9 271616
|a MSLG
|b MSLG
|c BSC
|d 2021-01-17
|e 24
|f 0
|g 0.00
|l 0
|o 361.32 ΠΑΠ
|p 2420000022466
|r 2021-01-17 00:00:00
|t 1
|w 2021-01-17
|y BK15
|x 20070917 0 ΓΑΒΡΙΝΑ 1
|x GrPaTEI
|
| 952 |
|
|
|0 0
|1 0
|2 ddc
|4 0
|6 361_320000000000000_ΠΑΠ
|7 0
|9 271617
|a MSLG
|b MSLG
|c BSC
|d 2021-01-17
|e 24
|f 0
|g 0.00
|l 0
|o 361.32 ΠΑΠ
|p 2420000022467
|r 2021-01-17 00:00:00
|t 1
|w 2021-01-17
|y BK15
|x 20070917 0 ΓΑΒΡΙΝΑ 1
|x GrPaTEI
|
| 971 |
|
|
|a .b25791679
|b 16-04-20
|c 13-09-16
|
| 999 |
|
|
|c 156936
|d 156936
|